00523nam a22001697a 450000500170000001000130001702000260003003500120005603700160006808200080008410000240009224500640011624600400018026000530022027000590027330000210033220220908105011.0 aUR-11713 a9789393785466c400.00 aU-10268 bDBAD/PUBa- a848 aزھرہ خاتون aبرخی اندوختھ /cزھرہ خاتونhا ر د و aBarkhe Andokhte /bby Zohra Khatoon aNew DelhibEducational Publishing Housec2022 ء aH.o. D1/16, Ansari Road, Darya GanjbNew Delhie110002 a160 صc23cm(Hb)